000 00307nam a22001337a 4500
008 170221b xxu||||| |||| 00| 0 eng d
020 _a9780781733663
041 _aeng
080 _29TH
_a618.2
100 _a2
101 _aINF
245 _aHANDBOOK OF NURSING DIAGNOSIS
_cCARPENITO, L.J
942 _2udc
_cBK
999 _c5929
_d5929